000 01133nas a2200277 4500
001 BR2015005377
003 BR-BrBNA
005 20231205125738.0
007 ta
008 230509b bl.|||p| |||| 00| 00por d
040 _aBR-BrBNA
_bpor
_cBiblioteca Nacional de Agricultura
041 _a(Pt)
072 _aF02
100 1 _aSilva, K. de O. e
100 1 _aLima, J.A. de
100 1 _aAloufa, M.A.I.
111 1 _a16° Congresso Brasileiro de Floricultura e Plantas Ornamentais; 3° Congresso Brasileiro de Cultura de Tecidos de Plantas; 1° Simpósio de Plantas Ornamentais Nativas
_cGoiânia, GO (Brazil)
_d10-15 Sep 2007
245 1 _aInfluência de meios de cultura e suplementações hormonais sobre a indução e desenvolvimento de calos in vitro em variedades de Gossypium hirsutum L.
650 _aPROPAGAÇÃO VEGETATIVA
650 _aALGODÃO
650 _aHORMÔNIO
650 _aEMBRIOGÊNESE
773 0 _tRevista Brasileira de Horticultura Ornamental (Brazil)
_xISSN 1809-6093
_g(Sep 2007), v. 13(Suplemento) p. 244-247
_wBR2015005377
909 _a202311
_bLúcia
_c55
_dLúcia Elande
942 _2AGRIS
_n0
_cANA
999 _c245898
_d245898